[Event "Titled Tue 26th Aug Early"]
[Site "chess.com INT"]
[Date "2025.08.26"]
[Round "8"]
[White "Ljukin, Sergei"]
[Black "Reprintsev, Alexander"]
[Result "0-1"]
[WhiteTitle "FM"]
[BlackTitle "IM"]
[WhiteElo "2362"]
[BlackElo "2256"]
[WhiteFideId "14102200"]
[BlackFideId "14100541"]
[EventDate "2025.08.26"]

1. e4 d5 2. exd5 Qxd5 3. Nc3 Qa5 4. d4 Nf6 5. Bc4 Nc6 6. d5 Ne5 7. Bb5+ Bd7 8.
Bxd7+ Nexd7 9. Nf3 Nb6 10. O-O Nbxd5 11. Nxd5 Qxd5 12. Qe2 Qe4 13. Be3 e6 14.
Qb5+ Qc6 15. Qxc6+ bxc6 16. Ne5 c5 17. Nd3 Nd7 18. a4 c4 19. Ne1 a5 20. Nf3 Rb8
21. Nd2 Rxb2 22. Nxc4 Rxc2 23. Nxa5 Bb4 24. Nb3 Ke7 25. Nd4 Rc4 26. Rfc1 Rxc1+
27. Rxc1 Bd6 28. Nc6+ Kf6 29. f4 Ra8 30. a5 Kg6 31. Kf2 f6 32. g4 Kf7 33. h3 Ra6
34. Kf3 e5 35. f5 g6 36. Ke4 Nc5+ 37. Kd5 Nb3 38. Rc2 Nxa5 39. Nd8+ Ke7 40. Ne6
c6+ 41. Ke4 Nb7 42. Rb2 Ra4+ 43. Kf3 Rb4 44. Ra2 gxf5 45. gxf5 Nd8 46. Ra7+ Rb7
47. Nxd8 Rc7 48. Rxc7+ Bxc7 49. Ne6 Ba5 50. Nf8 Kxf8 51. Ke4 Kf7 52. Kd3 Bb4 0-1

[Event "Titled Tue 26th Aug Early"]
[Site "chess.com INT"]
[Date "2025.08.26"]
[Round "8"]
[White "Pavlov, Nikolay"]
[Black "Materia, Marco"]
[Result "0-1"]
[WhiteTitle "FM"]
[BlackTitle "IM"]
[WhiteElo "2316"]
[BlackElo "2500"]
[WhiteFideId "24141470"]
[BlackFideId "45150451"]
[EventDate "2025.08.26"]

1. e4 c6 2. d4 d5 3. e5 Bf5 4. h4 h5 5. c4 e6 6. Nc3 Nd7 7. cxd5 cxd5 8. Bd3 Ne7
9. Bg5 Bxd3 10. Qxd3 Qb6 11. Nge2 Nf5 12. Nxd5 Qa5+ 13. Ndc3 f6 14. exf6 gxf6
15. Bd2 Rg8 16. Nf4 O-O-O 17. Ncd5 Qa6 18. Qc3+ Qc6 19. Nxe6 Re8 20. Nf4 Bd6 21.
d5 Qxc3 22. bxc3 Bxf4 23. Bxf4 Rxg2 24. Kf1 Rg4 25. Bd2 Nb6 26. Nf4 Nc4 27. Bc1
Nxh4 28. Rh3 Reg8 29. Nxh5 Rg1+ 30. Ke2 Re8+ 31. Kd3 Ne5+ 32. Kc2 Nef3 33. Nxf6
Re2+ 34. Kb3 Rxf2 35. d6 Rff1 36. d7+ Kd8 37. a3 Rg6 38. Ne4 Kxd7 39. Bb2 Rb6+
40. Ka2 Rxa1+ 41. Kxa1 Ke6 42. Nc5+ Kf5 43. Nd3 Rd6 44. Nb4 Rd1+ 45. Ka2 Kg4 46.
Rxf3 Nxf3 47. Kb3 Kf5 48. c4 Ke4 49. Nd5 Rd3+ 50. Kc2 Rd2+ 51. Kc1 Rg2 52. Nf6+
Kd3 53. c5 Rg1# 0-1

[Event "Titled Tue 26th Aug Early"]
[Site "chess.com INT"]
[Date "2025.08.26"]
[Round "8"]
[White "Perez Gormaz, Matias"]
[Black "Gunawardhana, Devindya Oshini"]
[Result "1-0"]
[WhiteTitle "IM"]
[BlackTitle "WIM"]
[WhiteElo "2381"]
[BlackElo "2101"]
[WhiteFideId "3406342"]
[BlackFideId "29941482"]
[EventDate "2025.08.26"]

1. e4 e5 2. Nf3 Nc6 3. Bc4 Nf6 4. d3 Bc5 5. Nc3 h6 6. h3 a6 7. Nd5 d6 8. Be3 Be6
9. Bxc5 dxc5 10. Ne3 Qd6 11. O-O Nd4 12. c3 Nxf3+ 13. Qxf3 O-O 14. a4 Rad8 15.
Rad1 Nh7 16. Qg3 Bxc4 17. Nxc4 Qc6 18. Qxe5 Rfe8 19. Qg3 Qxa4 20. Qxc7 Ng5 21.
Qb6 Qd7 22. h4 Ne6 23. g3 Rc8 24. Qd6 Qb5 25. Qb6 Qd7 26. Qb3 Rcd8 27. Kh2 b5
28. Ne3 g6 29. Qc2 Ng7 30. Qe2 Qe6 31. Rd2 Nh5 32. Ra1 Nf6 33. Ng2 c4 34. dxc4
Rxd2 35. Qxd2 Nxe4 36. Qxh6 bxc4 37. Qe3 Qc8 38. Re1 Nf6 39. Qd2 Rd8 40. Qe2 Kg7
41. Kg1 Re8 42. Qd2 Rd8 43. Qe2 Re8 44. Ne3 Re4 45. Qf3 Qe6 46. Rd1 Re5 47. Rd4
Ne4 48. Nxc4 Rf5 49. Qxe4 Qf6 50. Qe3 Rf3 51. Qe2 Qc6 52. Ne5 1-0

[Event "Titled Tue 26th Aug Early"]
[Site "chess.com INT"]
[Date "2025.08.26"]
[Round "8"]
[White "Montejo Bello, Lorena Beatriz"]
[Black "Arias Igual, Alejandro"]
[Result "1-0"]
[WhiteTitle "WFM"]
[BlackTitle "FM"]
[WhiteElo "2218"]
[BlackElo "2242"]
[WhiteFideId "3529045"]
[BlackFideId "2254905"]
[EventDate "2025.08.26"]

1. e4 c5 2. Nf3 Nc6 3. d4 cxd4 4. Nxd4 g6 5. c4 Nf6 6. Nc3 d6 7. Be2 Nxd4 8.
Qxd4 Bg7 9. Be3 O-O 10. Qd2 a5 11. O-O a4 12. Rad1 Qa5 13. f4 a3 14. b3 e6 15.
Bd4 Nd7 16. Bxg7 Kxg7 17. Nb5 Qxd2 18. Rxd2 e5 19. Nxd6 exf4 20. Rxf4 Ne5 21.
Rf1 Rb8 22. Nb5 Ra8 23. Rfd1 Be6 24. Kf2 h5 25. h3 h4 26. Nd4 Rac8 27. Nb5 Nc6
28. Nxa3 Rfe8 29. Nb5 Re7 30. Nd6 Ra8 31. Bf3 Kf6 32. Ke3 Ke5 33. Nb5 f6 34. Nc3
f5 35. Nd5 Rf7 36. Nb6 f4+ 37. Kf2 Rg8 38. c5 g5 39. Be2 g4 40. Nc4+ Bxc4 41.
Bxc4 g3+ 42. Kf3 Kf6 43. Bxf7 Ne5+ 44. Ke2 Kxf7 45. Rd5 Ke6 46. Rd6+ Ke7 47.
R1d5 f3+ 48. gxf3 Nc6 49. Rd1 Ne5 50. R6d5 Ng6 51. Rd7+ Ke6 52. Rxb7 Nf4+ 53.
Ke3 Nxh3 54. Rd6+ Ke5 55. Re7# 1-0

[Event "Titled Tue 26th Aug Early"]
[Site "chess.com INT"]
[Date "2025.08.26"]
[Round "8"]
[White "Kurpiewski, Slawomir"]
[Black "Simonovic, Miroslav"]
[Result "0-1"]
[WhiteTitle "CM"]
[BlackTitle "CM"]
[WhiteElo "1973"]
[BlackElo "2092"]
[WhiteFideId "1114530"]
[BlackFideId "919152"]
[EventDate "2025.08.26"]

1. f4 d5 2. Nf3 d4 3. g3 c5 4. Bg2 Nc6 5. O-O g6 6. d3 Bg7 7. a4 e6 8. Na3 Nge7
9. Qe1 Nd5 10. Bd2 O-O 11. c3 b6 12. Nc4 Bb7 13. Rd1 Qe7 14. e4 dxe3 15. Nxe3
Nxe3 16. Bxe3 Rfd8 17. Rf2 Rd7 18. Rfd2 Rad8 19. Qf2 Na5 20. Ne5 Bxe5 21. fxe5
Bxg2 22. Qxg2 Nb3 23. Rf2 Rxd3 24. Rxd3 Rxd3 25. Bh6 Rd1+ 26. Rf1 Qd8 27. Qf2
Rxf1+ 28. Qxf1 Na5 29. h4 Nc6 30. Qf4 Qd1+ 31. Kf2 Qd5 32. h5 Qxe5 33. Qf3 Qf5
34. Qxf5 exf5 35. hxg6 fxg6 36. Ke3 Kf7 37. Kf4 Ke6 38. Bg5 Na5 39. b4 cxb4 40.
cxb4 Nc6 41. b5 Ne5 42. Ke3 Nc4+ 43. Kd4 Nb2 44. Bd2 Nxa4 45. Bb4 Nc5 46. Bxc5
bxc5+ 47. Kxc5 Kd7 48. Kd5 g5 49. Ke5 f4 50. gxf4 gxf4 51. Kxf4 Kc7 52. Kg5 Kb6
53. Kh6 Kxb5 54. Kxh7 a5 55. Kg6 a4 56. Kf5 a3 57. Ke4 a2 58. Kd3 a1=Q 59. Kc2
Qa3 60. Kb1 Qf3 61. Kc2 Qe3 62. Kb2 Qd3 63. Ka2 Qc3 64. Kb1 Qd2 65. Ka1 Kb4 66.
Kb1 Kb3 67. Ka1 Qc1# 0-1

[Event "Titled Tue 26th Aug Early"]
[Site "chess.com INT"]
[Date "2025.08.26"]
[Round "8"]
[White "Sergiienko, Andrii"]
[Black "Subervi, Jonathan Sigfredo"]
[Result "0-1"]
[BlackTitle "FM"]
[WhiteElo "1921"]
[BlackElo "2007"]
[WhiteFideId "14194376"]
[BlackFideId "6400345"]
[EventDate "2025.08.26"]

1. d4 Nf6 2. c4 c5 3. d5 b5 4. cxb5 a6 5. bxa6 g6 6. Nc3 Bxa6 7. e4 d6 8. Bxa6
Nxa6 9. Nf3 Bg7 10. O-O O-O 11. h3 Nd7 12. Re1 Qb6 13. Qe2 Rfb8 14. h4 Nc7 15.
h5 Qa6 16. Qc2 Nb5 17. Bg5 Nxc3 18. bxc3 Qc4 19. Bxe7 Qxc3 20. Qxc3 Bxc3 21.
Bxd6 Rb6 22. Bf4 Bxe1 23. Rxe1 f6 24. e5 fxe5 25. Nxe5 Nxe5 26. Bxe5 Re8 27. f4
c4 28. d6 Rxd6 29. Rc1 Rc6 30. a4 Ra8 31. Rd1 c3 32. Rc1 c2 33. hxg6 hxg6 34. g4
Rxa4 35. Kf2 Kf7 36. Ke2 g5 37. Kd3 gxf4 38. Rxc2 Rxc2 39. Kxc2 Re4 40. Bb8 f3
41. Kd3 f2 42. Kxe4 f1=Q 43. Bf4 Qe2+ 44. Kf5 Qe6+ 45. Kg5 Qf6+ 46. Kh5 Qxf4 47.
g5 Qh2+ 48. Kg4 Kg6 49. Kf3 Kxg5 50. Ke4 Qh4+ 51. Kd3 Qf4 52. Ke2 Kf5 0-1

[Event "Titled Tue 26th Aug Early"]
[Site "chess.com INT"]
[Date "2025.08.26"]
[Round "8"]
[White "Bogdanov, Artyom"]
[Black "Fronda, Jan Jodilyn"]
[Result "1-0"]
[WhiteTitle "FM"]
[BlackTitle "WIM"]
[WhiteElo "2383"]
[BlackElo "2115"]
[WhiteFideId "13749200"]
[BlackFideId "5204585"]
[EventDate "2025.08.26"]

1. Nf3 d5 2. d4 Nf6 3. c3 c5 4. Bf4 Nc6 5. e3 Qb6 6. Qb3 c4 7. Qc2 Bf5 8. Qc1
Nh5 9. Bg5 h6 10. Bh4 g5 11. Bg3 Bg7 12. Nbd2 Qd8 13. Be2 b5 14. Be5 Nxe5 15.
dxe5 g4 16. Nd4 e6 17. Nxf5 exf5 18. h3 Bxe5 19. hxg4 Ng7 20. Qc2 fxg4 21. Bxg4
Qg5 22. Bh3 Qg6 23. Qxg6 fxg6 24. Nf3 Bf6 25. Rd1 Rd8 26. Kd2 Kf7 27. Kc2 a5 28.
Rd2 Rd6 29. Rhd1 Rhd8 30. e4 Be7 31. exd5 Bf6 32. Nd4 b4 33. Nc6 Ra8 34. cxb4
axb4 35. Nxb4 Rb8 36. a3 Rb5 37. Re2 Nh5 38. Re4 g5 39. Be6+ Kg7 40. g3 Kg6 41.
Rxc4 Ng7 42. Bh3 Nf5 43. Bxf5+ Kxf5 44. g4+ Kg6 45. Rd2 Be5 46. b3 Bf4 47. Re2
Kf6 48. Kd3 Ra5 49. a4 Rb6 50. Rc6+ Rxc6 51. dxc6 Rc5 52. Rc2 Rxc2 53. Nxc2 Ke7
54. Kc4 Kd6 55. Kb5 Bd2 56. f3 Kc7 57. Kc5 Bf4 58. Nd4 Be3 59. Kd5 Kb6 60. Ne6
Bg1 61. c7 Kb7 62. Kd6 Bh2+ 63. f4 gxf4 64. Kd7 f3 65. c8=Q+ Kb6 66. Qc6+ Ka5
67. Qb5# 1-0

[Event "Titled Tue 26th Aug Early"]
[Site "chess.com INT"]
[Date "2025.08.26"]
[Round "8"]
[White "Cai, Chaoruo"]
[Black "Navarro, Tiago Cunha"]
[Result "1-0"]
[WhiteTitle "CM"]
[WhiteElo "2274"]
[BlackElo "2109"]
[WhiteFideId "8618402"]
[BlackFideId "2106280"]
[EventDate "2025.08.26"]

1. d4 d5 2. Nf3 Nf6 3. c4 c6 4. g3 dxc4 5. Bg2 g6 6. O-O Bg7 7. a4 O-O 8. Na3
Na6 9. Nxc4 Nb4 10. Bd2 a5 11. Ra3 Be6 12. Nce5 h6 13. h4 Ne4 14. Be1 Bd5 15.
Nd3 Nxd3 16. Qxd3 e6 17. e3 Nd6 18. Nd2 f5 19. f3 e5 20. dxe5 Bxe5 21. Qc2 Qe7
22. Bf2 Nf7 23. e4 fxe4 24. Nxe4 Bxe4 25. Qxe4 Kg7 26. Rb3 Qc7 27. f4 Bf6 28. h5
gxh5 29. Bd4 Nd6 30. Bxf6+ Rxf6 31. Qe5 Re8 32. Qxh5 Qe7 33. Rd3 Nf7 34. Qg4+
Rg6 35. Qf5 Rd8 36. Rfd1 Rxd3 37. Rxd3 Rf6 38. Qg4+ Rg6 39. Qd1 Qc5+ 40. Kh2 Rd6
41. Rxd6 Qxd6 42. Qg4+ Qg6 43. Qd7 Qh5+ 44. Kg1 Qc5+ 45. Kh2 Qh5+ 46. Qh3 Qxh3+
47. Kxh3 b5 48. Bxc6 bxa4 49. Bxa4 Kf6 50. Kg4 Nd6 51. Kh5 Nf5 52. g4 Ne3 53.
Bd7 Ke7 54. Bc8 Kd8 55. Bf5 Nxf5 56. gxf5 Ke7 57. Kg6 a4 58. Kg7 h5 59. f6+ Ke6
60. f7 h4 61. f8=Q 1-0

[Event "Titled Tue 26th Aug Early"]
[Site "chess.com INT"]
[Date "2025.08.26"]
[Round "8"]
[White "Maghsoodloo, Parham"]
[Black "Bok, Benjamin"]
[Result "1-0"]
[WhiteTitle "GM"]
[BlackTitle "GM"]
[WhiteElo "2695"]
[BlackElo "2587"]
[WhiteFideId "12539929"]
[BlackFideId "1017063"]
[EventDate "2025.08.26"]

1. c4 Nf6 2. Nc3 e5 3. Nf3 Nc6 4. e3 Bb4 5. Nd5 e4 6. Nxb4 Nxb4 7. a3 Nc6 8. Ng1
d5 9. cxd5 Qxd5 10. d4 exd3 11. Qxd3 Bf5 12. Qxd5 Nxd5 13. f3 Nb6 14. b4 O-O-O
15. Bb2 f6 16. e4 Be6 17. Rc1 Na4 18. Ba1 Nd4 19. Bxd4 Rxd4 20. Ne2 Rd6 21. Nf4
Bf7 22. Bb5 Nb6 23. h4 Rhd8 24. O-O Rd2 25. Rf2 Rxf2 26. Kxf2 Rd2+ 27. Kg3 Ra2
28. Rc3 c6 29. Bf1 Kd8 30. b5 cxb5 31. Bxb5 a6 32. Bf1 Na4 33. Re3 b5 34. h5 Nb6
35. Kg4 Bc4 36. Bxc4 Nxc4 37. Rd3+ Ke8 38. Kg3 Rxa3 39. Rd4 a5 40. Ne6 Kf7 41.
Nc7 Rb3 42. Rd7+ Kf8 43. Ne6+ Ke8 44. Rxg7 a4 45. Rxh7 a3 46. Ra7 Rb4 47. h6 Ra4
48. Rxa4 bxa4 49. h7 a2 50. h8=Q+ Ke7 51. Qf8+ Kxe6 52. Qe8+ Kd6 53. Qxa4 Kc5
54. Qxa2 Kd4 55. Qa1+ Kd3 56. Qxf6 1-0

[Event "Titled Tue 26th Aug Early"]
[Site "chess.com INT"]
[Date "2025.08.26"]
[Round "8"]
[White "Aravindh, Chithambaram VR."]
[Black "Oleksiyenko, Mykhaylo"]
[Result "1-0"]
[WhiteTitle "GM"]
[BlackTitle "GM"]
[WhiteElo "2723"]
[BlackElo "2569"]
[WhiteFideId "5072786"]
[BlackFideId "4152417"]
[EventDate "2025.08.26"]

1. c4 e6 2. Nc3 d5 3. e3 Nf6 4. Nf3 b6 5. b3 Bb7 6. Bb2 Nbd7 7. Rc1 a6 8. cxd5
exd5 9. Ne2 c5 10. Ng3 g6 11. d4 Bg7 12. dxc5 bxc5 13. Be2 O-O 14. O-O Qe7 15.
Re1 Rfe8 16. a3 a5 17. Bb5 Red8 18. Qc2 Ba6 19. Bxd7 Nxd7 20. Bxg7 Kxg7 21. Red1
Bb7 22. h3 Kg8 23. Qc3 Ra6 24. b4 axb4 25. axb4 cxb4 26. Qc7 Ba8 27. Ne5 Re6 28.
Nd3 d4 29. exd4 Nf6 30. Qxe7 Rxe7 31. Nxb4 Red7 32. Nc6 Re8 33. Kh2 Kg7 34. Ne5
Rde7 35. Rc4 Rd8 36. Ra1 Bd5 37. Rb4 Rc7 38. Nf1 Be6 39. Ne3 Nd5 40. Rba4 Rc3
41. Re1 Nf4 42. Nf3 Nd3 43. Re2 Nc1 44. Rd2 Nb3 45. Rb2 Rd3 46. Ra7 Nxd4 47. Ng5
h6 48. Nxe6+ Nxe6 49. Rbb7 Rf8 50. Ng4 Rd5 51. Re7 h5 52. Ne3 Rd6 53. g3 Rc6 54.
Kg2 Nd8 55. Red7 Re6 56. Nd5 Nc6 57. Rac7 1-0

[Event "Titled Tue 26th Aug Early"]
[Site "chess.com INT"]
[Date "2025.08.26"]
[Round "8"]
[White "Ganiev, Artur"]
[Black "Foldes, Marton Gabor"]
[Result "1/2-1/2"]
[BlackTitle "FM"]
[WhiteElo "2247"]
[BlackElo "2293"]
[WhiteFideId "34391550"]
[BlackFideId "794708"]
[EventDate "2025.08.26"]

1. e4 Nf6 2. e5 Nd5 3. d4 d6 4. Nf3 g6 5. Bd3 Bg7 6. O-O O-O 7. Re1 Nc6 8. a3
Bg4 9. exd6 cxd6 10. c3 Qd7 11. h3 Bf5 12. c4 Nb6 13. Nc3 Bxd3 14. Qxd3 d5 15.
c5 Nc8 16. b4 a6 17. Bf4 e6 18. Ne5 Nxe5 19. Bxe5 Ne7 20. Bxg7 Kxg7 21. Ne2 Nf5
22. Ng3 Nxg3 23. Qxg3 Rae8 24. h4 h5 25. Re3 Qe7 26. Rae1 Qf6 27. Re5 b6 28. Rc1
bxc5 29. bxc5 Rb8 30. Qg5 Rb3 31. Qxf6+ Kxf6 32. Re3 Rxe3 33. fxe3 Rb8 34. Rc3
e5 35. Kf2 exd4 36. exd4 Kf5 37. Kf3 Ke6 38. Kf4 f6 39. g4 hxg4 40. Kxg4 Kd7 41.
h5 gxh5+ 42. Kxh5 Re8 43. Rb3 Re4 44. Rb4 f5 45. Kg5 f4 46. Kg4 Kc7 47. a4 a5
48. Rb5 Rxd4 49. Rxa5 Kc6 50. Kf3 Rc4 51. Kg4 Rxc5 52. Rxc5+ Kxc5 53. Kxf4 d4
54. Ke4 Kc4 55. a5 d3 56. Ke3 Kc3 57. a6 d2 58. a7 d1=Q 59. a8=Q Qe1+ 60. Kf4
Qd2+ 61. Kg4 Qe2+ 62. Qf3+ Qxf3+ 63. Kxf3 1/2-1/2

[Event "Titled Tue 26th Aug Early"]
[Site "chess.com INT"]
[Date "2025.08.26"]
[Round "8"]
[White "Huschenbeth, Niclas"]
[Black "Essing, Arnold"]
[Result "1-0"]
[WhiteTitle "GM"]
[BlackTitle "FM"]
[WhiteElo "2591"]
[BlackElo "2206"]
[WhiteFideId "24604747"]
[BlackFideId "4619862"]
[EventDate "2025.08.26"]

1. e4 Nf6 2. e5 Nd5 3. d4 d6 4. Bc4 Nb6 5. Bb3 d5 6. Nf3 Bf5 7. O-O e6 8. Be3
Be7 9. c3 O-O 10. Nbd2 Na6 11. Bc2 Bxc2 12. Qxc2 c5 13. Rac1 Nc4 14. Bf4 cxd4
15. Nxc4 dxc4 16. Nxd4 Nc5 17. Rcd1 Qa5 18. b4 cxb3 19. axb3 Qc7 20. Nb5 Qc6 21.
Nd6 Rfd8 22. b4 Nd7 23. c4 Nxe5 24. b5 Qc7 25. Bxe5 Bxd6 26. Rxd6 Rxd6 27. c5
Rd2 28. Qxd2 Qxe5 29. c6 bxc6 30. bxc6 Rc8 31. Rc1 g6 32. h4 Qd5 33. Qc3 Rc7 34.
Rb1 Rc8 35. c7 Qd6 36. Rc1 a5 37. Qxa5 h5 38. Qa7 Kg7 39. Qb7 Qd7 40. g3 e5 41.
Kh2 Kf6 42. Kg2 Kg7 43. Rc5 Kf6 44. Rc3 Kg7 45. Qb6 Kh7 46. Qc5 Qe6 47. Re3 Qd7
48. Rc3 Qe6 49. Kh2 Kg7 50. Rc1 Kh7 51. Qc3 Kg7 52. f4 f6 53. fxe5 Qxe5 54. Qxe5
fxe5 55. Kg2 Kf7 56. Kf3 Ke6 57. Ke4 Kd6 58. Rc2 Ke6 59. Rc6+ Kf7 60. Kxe5 Re8+
61. Kf4 Rc8 62. Kg5 1-0

[Event "Titled Tue 26th Aug Early"]
[Site "chess.com INT"]
[Date "2025.08.26"]
[Round "8"]
[White "Csonka, Balazs"]
[Black "Bahmani, Koorosh"]
[Result "1-0"]
[WhiteTitle "IM"]
[BlackTitle "CM"]
[WhiteElo "2467"]
[BlackElo "2205"]
[WhiteFideId "742910"]
[BlackFideId "42576750"]
[EventDate "2025.08.26"]

1. Nf3 d5 2. d4 Nf6 3. c4 c6 4. Nc3 e6 5. e3 Nbd7 6. Qc2 Bd6 7. Bd3 O-O 8. O-O
e5 9. cxd5 cxd5 10. e4 exd4 11. Nxd5 Nxd5 12. exd5 Nf6 13. Bg5 h6 14. Bxf6 Qxf6
15. Qc4 Rd8 16. Be4 Bg4 17. Qxd4 Qxd4 18. Nxd4 Be5 19. h3 Bd7 20. Nf3 Bxb2 21.
Rab1 Bf6 22. Rxb7 Rab8 23. Rfb1 Rxb7 24. Rxb7 a5 25. Ra7 a4 26. Bc2 Bb5 27. Bxa4
Bxa4 28. Rxa4 Rxd5 29. g4 Rd1+ 30. Kg2 Ra1 31. h4 Kh7 32. Kg3 Be7 33. Ra7 Bd6+
34. Kg2 Kg6 35. h5+ Kf6 36. Ra6 Ke7 37. Nd4 Bc5 38. Nf5+ Kd7 39. Nxg7 Bd4 40.
Nf5 Bc5 41. Nxh6 Rb1 42. Nxf7 Rb2 43. Ne5+ Ke7 44. Nd3 Rc2 45. Nxc5 Rxc5 46. Kg3
Rc3+ 47. f3 Rc1 48. h6 Rh1 49. g5 Kf7 50. Kf4 Rh3 51. Kg4 Rh1 52. f4 Rb1 53. a4
Rg1+ 54. Kf5 Rb1 55. Ra7+ Kg8 56. a5 Rb5+ 57. Kg6 Rb8 58. f5 Rc8 59. f6 Kh8 60.
a6 Rg8+ 61. Rg7 Ra8 62. Rh7+ Kg8 63. f7+ Kf8 1-0

[Event "Titled Tue 26th Aug Early"]
[Site "chess.com INT"]
[Date "2025.08.26"]
[Round "8"]
[White "Livaic, Leon"]
[Black "Samunenkov, Ihor"]
[Result "1-0"]
[WhiteTitle "GM"]
[BlackTitle "GM"]
[WhiteElo "2550"]
[BlackElo "2548"]
[WhiteFideId "14531534"]
[BlackFideId "14187086"]
[EventDate "2025.08.26"]

1. d4 Nf6 2. c4 e6 3. Nf3 d5 4. Nc3 c6 5. Bg5 Nbd7 6. cxd5 exd5 7. e3 h6 8. Bh4
Be7 9. Bd3 Ne4 10. Bxe7 Qxe7 11. Qc2 Ndf6 12. O-O O-O 13. Ne5 Nxc3 14. bxc3 c5
15. a4 Nd7 16. Nxd7 Bxd7 17. Rfb1 Be6 18. a5 Rfc8 19. Qb2 Rc7 20. g3 Qf6 21.
dxc5 Bf5 22. Bxf5 Qxf5 23. Qb4 Rac8 24. c6 Rxc6 25. Qxb7 R8c7 26. Qb8+ Kh7 27.
Rb7 Rf6 28. Rf1 Rxc3 29. Qf4 Qc2 30. Qb4 Rd3 31. Qb1 Qxb1 32. Rfxb1 Ra3 33. Rxa7
Ra2 34. Rf1 h5 35. f4 Rc6 36. Rf2 Ra1+ 37. Kg2 Rc5 38. Rxf7 Rcxa5 39. Kf3 R1a2
40. Rxa2 Rxa2 41. h3 Kg6 42. Rd7 Rd2 43. Rd6+ Kf7 44. g4 hxg4+ 45. hxg4 Ke7 46.
Ra6 d4 47. exd4 Rxd4 48. g5 Rd5 49. Kg4 Kf7 50. Ra7+ Kf8 51. f5 Rd1 52. Kh5 Rd6
53. Rb7 Rc6 54. Ra7 Rd6 55. Ra8+ Kf7 56. g6+ Kf6 57. Rf8+ Ke5 58. f6 Rxf6 59.
Rf7 Ra6 60. Rxg7 Ra1 61. Rf7 Ke6 62. Kh6 Rg1 63. Kg7 Rg2 64. Rf1 Ke7 65. Kh7 1-0

[Event "Titled Tue 26th Aug Early"]
[Site "chess.com INT"]
[Date "2025.08.26"]
[Round "8"]
[White "Zakarian, David"]
[Black "Feuerstack, Aljoscha"]
[Result "1-0"]
[WhiteTitle "FM"]
[BlackTitle "IM"]
[WhiteElo "2301"]
[BlackElo "2449"]
[WhiteFideId "13301276"]
[BlackFideId "4681932"]
[EventDate "2025.08.26"]

1. h4 d5 2. Nf3 Nf6 3. e3 c5 4. d4 Nc6 5. c3 Bg4 6. Nbd2 e6 7. Qa4 Nd7 8. Nh2
Qxh4 9. dxc5 f5 10. Ndf3 Qh5 11. Bb5 Rc8 12. Nd4 Nxc5 13. Qxa7 Qf7 14. Nxg4 fxg4
15. Qb6 Bd6 16. Bd2 O-O 17. O-O-O Ne4 18. Bd3 Bc5 19. Qb5 Bxd4 20. exd4 Nxd4 21.
Qa4 Qxf2 22. Rhf1 Ne2+ 23. Kb1 Qxg2 24. Rxf8+ Rxf8 25. Qd7 Nxd2+ 26. Rxd2 Qf1+
27. Kc2 Qc1+ 28. Kb3 Qxd2 29. Qxe6+ Kh8 30. Bxe2 Qf4 31. Bxg4 Qc4+ 32. Kc2 Rf2+
33. Kc1 Qf4+ 34. Kb1 Rf1+ 35. Kc2 Qe4+ 36. Kb3 Qxe6 37. Bxe6 Rd1 38. Kc2 Rg1 39.
Bxd5 b6 40. a4 h5 41. b4 h4 42. a5 bxa5 43. bxa5 Rg5 44. c4 Rg6 45. Bb7 Rg5 46.
a6 Ra5 47. Kb3 h3 48. Kb4 Ra1 49. Kb5 h2 50. c5 g5 51. Kb6 Kg7 52. a7 Rb1+ 53.
Ka6 Rxb7 54. a8=Q Rf7 55. Qg2 Rf6+ 56. Kb5 Kg6 57. Qxh2 g4 58. Qg3 Kg5 59. c6
Rf3 60. Qe5+ Rf5 61. Qxf5+ Kxf5 62. c7 g3 63. c8=Q+ Kf4 64. Qc1+ Kf3 65. Qg1 g2
66. Kc4 Kg3 67. Kd4 Kf3 68. Kd3 Kg3 69. Ke4 1-0

[Event "Titled Tue 26th Aug Early"]
[Site "chess.com INT"]
[Date "2025.08.26"]
[Round "8"]
[White "Fernandes, Rogerio Paulo Muller"]
[Black "Buscar, Michael"]
[Result "0-1"]
[WhiteElo "2241"]
[BlackElo "2015"]
[WhiteFideId "2101599"]
[BlackFideId "2603616"]
[EventDate "2025.08.26"]

1. c4 e6 2. g3 d5 3. Bg2 c5 4. Nf3 Nc6 5. O-O Nf6 6. b3 Be7 7. Bb2 d4 8. e3 O-O
9. exd4 cxd4 10. d3 e5 11. Re1 Qc7 12. Nbd2 Bg4 13. h3 Bh5 14. g4 Bg6 15. Qe2
Nb4 16. Nxe5 Bd6 17. Nxg6 hxg6 18. Rec1 Bh2+ 19. Kh1 Rfe8 20. Qf1 Bf4 21. Rd1
Rad8 22. a3 Nc6 23. b4 Qd7 24. Ne4 Bb8 25. Nxf6+ gxf6 26. Bf3 Qc7 27. Qg2 Re7
28. Re1 Ne5 29. Be4 Rde8 30. Bxd4 Nxc4 31. Bxf6 Re6 32. Bh4 Nd2 33. Bg3 Qd8 34.
Bxb8 Qxb8 35. Rad1 Qf4 36. f3 Nb3 37. d4 Rd6 38. d5 Rc8 39. Qh2 Qxh2+ 40. Kxh2
Rc3 41. Kg3 Kg7 42. Kf2 a5 43. Re3 axb4 44. axb4 Rxe3 45. Kxe3 Kf6 46. Rd3 Nc1
47. Rc3 Na2 48. Rb3 Ke5 49. f4+ Kf6 50. Kd4 Nc1 51. Rc3 Ne2+ 52. Kd3 Nxc3 53.
Kxc3 Ke7 54. Kd4 Ra6 55. h4 Kd6 56. h5 gxh5 57. gxh5 Kd7 58. Bf5+ Ke7 59. Kc5
Rh6 60. Bg4 Kd8 61. d6 b6+ 62. Kc6 b5 63. Be2 Rh7 64. Bxb5 Rxh5 65. Bc4 Rf5 66.
b5 Kc8 67. b6 Rxf4 68. b7+ Kb8 0-1

[Event "Titled Tue 26th Aug Early"]
[Site "chess.com INT"]
[Date "2025.08.26"]
[Round "8"]
[White "Drygalov, Sergey"]
[Black "Sarana, Alexey"]
[Result "0-1"]
[WhiteTitle "GM"]
[BlackTitle "GM"]
[WhiteElo "2560"]
[BlackElo "2691"]
[WhiteFideId "24171743"]
[BlackFideId "24133795"]
[EventDate "2025.08.26"]

1. d3 d6 2. d4 Nf6 3. Nf3 d5 4. c4 e6 5. Nc3 Nbd7 6. Bf4 Bb4 7. cxd5 exd5 8. e3
c6 9. Bd3 Nh5 10. Bg5 Be7 11. Bxe7 Qxe7 12. O-O O-O 13. Rb1 a5 14. h3 Nhf6 15.
Re1 Nb6 16. Qc2 Be6 17. b3 Nc8 18. Na4 Nd6 19. Nc5 Rfe8 20. Ne5 g6 21. f3 Bc8
22. Qf2 Nh5 23. Bf1 f6 24. Ned3 Bf5 25. g4 Bxd3 26. Bxd3 Ng7 27. e4 dxe4 28.
fxe4 Rad8 29. e5 fxe5 30. dxe5 Nf7 31. Bc4 b5 32. Bxf7+ Qxf7 33. Qxf7+ Kxf7 34.
Nb7 Rd2 35. Nd6+ Ke7 36. Nxe8 Nxe8 37. Rbc1 Rxa2 38. Rxc6 Ra3 39. Rd1 Rxb3 40.
e6 Re3 41. Rd7+ Kf6 42. Rf7+ Kg5 43. Kf2 Re5 44. e7 b4 45. Rxh7 Kf4 46. Rf7+ Ke4
47. Rf3 Kd5 48. Rc8 Rxe7 49. Rd3+ Ke6 50. Re3+ Kf7 51. Rxe7+ Kxe7 52. Ra8 Nd6
53. Rxa5 b3 54. Ra3 b2 55. Rb3 Nc4 56. Ke2 Kd6 57. Kd3 Kc5 58. Kc3 Ne3 59. Kxb2
Kd4 60. Rb6 Nc4+ 61. Kc2 Nxb6 62. h4 Ke5 63. h5 g5 64. Kd3 Nd7 0-1

[Event "Titled Tue 26th Aug Early"]
[Site "chess.com INT"]
[Date "2025.08.26"]
[Round "8"]
[White "Smieszek, Wojciech"]
[Black "Williams, Simon K"]
[Result "0-1"]
[WhiteTitle "CM"]
[BlackTitle "GM"]
[WhiteElo "2141"]
[BlackElo "2444"]
[WhiteFideId "1156047"]
[BlackFideId "404454"]
[EventDate "2025.08.26"]

1. e4 d6 2. d4 Nf6 3. Nc3 Nbd7 4. g4 h6 5. Be3 e5 6. f3 Be7 7. Qd2 c6 8. Nge2 b5
9. h4 Nb6 10. b3 Nfd7 11. O-O-O a5 12. Ng3 g6 13. h5 g5 14. Nf5 Qc7 15. Nxe7
Kxe7 16. dxe5 dxe5 17. Bxg5+ hxg5 18. Qxg5+ Nf6 19. h6 Be6 20. h7 Rad8 21. Bd3
b4 22. Rh6 Nd7 23. Ne2 a4 24. Ng3 axb3 25. cxb3 Qa5 26. Kb1 Ra8 27. Rd2 Qa3 28.
Nf5+ Bxf5 29. Qxf5 Qa7 30. Bc4 Qg1+ 31. Kb2 Qe3 32. Rxd7+ Nxd7 33. Qxf7+ Kd8 34.
Qg8+ Kc7 35. Rxc6+ Kxc6 36. Bd5+ Kc7 37. Bxa8 Qd2+ 38. Kb1 Qe1+ 39. Kb2 Qf2+ 40.
Kb1 Qg1+ 41. Kb2 Qh2+ 42. Kb1 Rxh7 43. Qc4+ Kb8 44. Qb5+ Kxa8 45. Qc6+ Kb8 46.
Qd6+ Kc8 47. Qa6+ Kd8 48. Qa5+ Ke7 49. Qxb4+ Kf6 50. Qd6+ Kg5 51. a4 Qg1+ 52.
Ka2 Rh2+ 53. Ka3 Qc1+ 54. Kb4 Qe1+ 55. Kb5 Rd2 56. Qe7+ Kf4 57. Qf7+ Kg3 58. a5
Qe2+ 59. Kc6 Ra2 60. Kxd7 Qd3+ 61. Ke6 Rxa5 62. Kf5 Qxb3 63. Kg5 Qc3 64. Qh5
Qxf3 65. Qh4+ Kg2 66. Qh7 Qf4+ 67. Kh4 Ra6 68. Qb7 Rh6# 0-1